Statistics for Guess the Taylor Swift song #3

Click here to take the quiz!

General Stats

  • This quiz has been taken 13 times
  • The average score is 219 of 256

Answer Stats

Answer% Correct
a
100%
and
100%
And
100%
do
100%
don't
100%
for
100%
I
100%
I'm
100%
in
100%
is
100%
it's
100%
know
100%
like
100%
love
100%
me
100%
my
100%
no
100%
not
100%
on
100%
say
100%
that
100%
The
100%
the
100%
they
100%
to
100%
want
100%
When
100%
when
100%
you
100%
You
100%
all
92%
are
92%
as
92%
at
92%
but
92%
But
92%
can
92%
every
92%
of
92%
off
92%
why
92%
been
85%
end
85%
get
85%
I'll
85%
mirrorball
85%
one
85%
You'll
85%
Because
77%
everything
77%
I've
77%
just
77%
looking
77%
near
77%
never
77%
out
77%
still
77%
about
69%
break
69%
change
69%
circus
69%
dear
69%
down
69%
floor
69%
heels
69%
highest
69%
home
69%
laughing
69%
million
69%
natural
69%
pieces
69%
Shimmering
69%
show
69%
Spinning
69%
tallest
69%
tiptoes
69%
try
69%
trying
69%
around
62%
beautiful
62%
believer
62%
burned
62%
called
62%
clowns
62%
disco
62%
find
62%
fit
62%
horses
62%
Hush
62%
keep
62%
regulars
62%
sent
62%
Shining
62%
shining
62%
tightrope
62%
tonight
62%
trapeze
62%
version
62%
watch
62%
yourself
62%
Drunk
54%
glisten
54%
masquerade
54%
rodeo
54%
shattered
54%
edges
46%
revelers
46%

Score Distribution

Percentile by Number Answered

Percent of People with Each Score

Your Score History

You have not taken this quiz